<?xml version="1.0" encoding="UTF-8"?>
<record
    xmlns:xsi="http://www.w3.org/2001/XMLSchema-instance"
    xsi:schemaLocation="http://www.loc.gov/MARC21/slim http://www.loc.gov/standards/marcxml/schema/MARC21slim.xsd"
    xmlns="http://www.loc.gov/MARC21/slim">

  <leader>00916nam a22002657a 4500</leader>
  <datafield tag="952" ind1=" " ind2=" ">
    <subfield code="a">0001</subfield>
    <subfield code="b">0001</subfield>
    <subfield code="d">2024-02-08</subfield>
    <subfield code="l">0</subfield>
    <subfield code="o">352.0561 O63m 2018</subfield>
    <subfield code="p">20920</subfield>
    <subfield code="r">2024-02-08 00:00:00</subfield>
    <subfield code="w">2024-02-08</subfield>
    <subfield code="y">BKS</subfield>
  </datafield>
  <datafield tag="952" ind1=" " ind2=" ">
    <subfield code="a">0002</subfield>
    <subfield code="b">0002</subfield>
    <subfield code="d">2024-02-27</subfield>
    <subfield code="l">0</subfield>
    <subfield code="o">352.0561 O63m 2018</subfield>
    <subfield code="p">21267</subfield>
    <subfield code="r">2024-02-27 00:00:00</subfield>
    <subfield code="w">2024-02-27</subfield>
    <subfield code="y">BKS</subfield>
  </datafield>
  <datafield tag="999" ind1=" " ind2=" ">
    <subfield code="c">15331</subfield>
    <subfield code="d">15331</subfield>
  </datafield>
  <controlfield tag="003">MIRAKIL</controlfield>
  <controlfield tag="005">20240208151514.0</controlfield>
  <controlfield tag="008">240208b        tu ||||| |||| 00| 0 tur d</controlfield>
  <datafield tag="020" ind1=" " ind2=" ">
    <subfield code="a">9786054407224</subfield>
  </datafield>
  <datafield tag="040" ind1=" " ind2=" ">
    <subfield code="a">TR-AnCHP</subfield>
    <subfield code="c">TR-AnCHP</subfield>
  </datafield>
  <datafield tag="041" ind1=" " ind2=" ">
    <subfield code="a">T&#xFC;rk&#xE7;e</subfield>
  </datafield>
  <datafield tag="082" ind1=" " ind2=" ">
    <subfield code="a">352.0561</subfield>
    <subfield code="b">O63m 2018</subfield>
  </datafield>
  <datafield tag="090" ind1=" " ind2=" ">
    <subfield code="a">352.0561 O63m 2018</subfield>
  </datafield>
  <datafield tag="100" ind1="1" ind2=" ">
    <subfield code="a">Orhan, G&#xF6;nen</subfield>
  </datafield>
  <datafield tag="245" ind1="1" ind2="0">
    <subfield code="a">Mahalleden kent parlamentosuna :</subfield>
    <subfield code="b">ba&#x15F;ka bir yerel y&#xF6;netim m&#xFC;mk&#xFC;n /</subfield>
    <subfield code="c">G&#xF6;nen Orhan ; edit&#xF6;rler : Mustafa Kemal Co&#x15F;kun, Sinem &#xD6;zer.</subfield>
  </datafield>
  <datafield tag="250" ind1=" " ind2=" ">
    <subfield code="a">1. Bask&#x131;</subfield>
  </datafield>
  <datafield tag="260" ind1=" " ind2=" ">
    <subfield code="a">&#x130;stanbul :</subfield>
    <subfield code="b">Ceren Tan&#x131;t&#x131;m Ve Organizasyon,</subfield>
    <subfield code="c">2018.</subfield>
  </datafield>
  <datafield tag="300" ind1=" " ind2=" ">
    <subfield code="a">166 sayfa :</subfield>
    <subfield code="b">resim ;</subfield>
    <subfield code="c">21 cm</subfield>
  </datafield>
  <datafield tag="650" ind1=" " ind2="0">
    <subfield code="9">981</subfield>
    <subfield code="a">yerel y&#xF6;netimler </subfield>
  </datafield>
  <datafield tag="650" ind1=" " ind2="0">
    <subfield code="9">7</subfield>
    <subfield code="a">Demokrasi</subfield>
  </datafield>
  <datafield tag="650" ind1=" " ind2="0">
    <subfield code="9">5626</subfield>
    <subfield code="a">Parlamento</subfield>
  </datafield>
  <datafield tag="650" ind1=" " ind2="0">
    <subfield code="9">976</subfield>
    <subfield code="a">Yerel y&#xF6;netimler</subfield>
    <subfield code="x">Stratejiler</subfield>
  </datafield>
  <datafield tag="856" ind1=" " ind2=" ">
    <subfield code="z">Dijital N&#xFC;shas&#x131; i&#xE7;in Partimizin K&#xFC;t&#xFC;phane Sorumlusu ile ileti&#x15F;ime ge&#xE7;iniz.</subfield>
  </datafield>
  <datafield tag="942" ind1=" " ind2=" ">
    <subfield code="2">ddc</subfield>
    <subfield code="c">BKS</subfield>
  </datafield>
</record>
